| 000 | 00657nam a2200217Ii 4500 | ||
|---|---|---|---|
| 003 | JO-AjNU | ||
| 008 | 230606s9999||||xx |||||||||||||| ||und|| | ||
| 020 | _a0-521-48523-1 | ||
| 040 |
_aJO-AjNU _beng _erda _cJO-AjNU |
||
| 041 | _aeng | ||
| 050 | 1 | 4 | _aQA331.7.A25.2000 |
| 100 | 3 |
_aAblowitz,Markj , _eauthor _93789 |
|
| 245 | 0 | 0 | _aComplex variables:Introduction ND Application |
| 250 | _a1 ed | ||
| 264 | 3 | 1 | _aCambridge university:united king dom,2000 |
| 300 | _a446p | ||
| 336 |
_atext _btxt _2rdacontent |
||
| 337 |
_aunmediated _bn _2rdamedia |
||
| 338 |
_avolume _bnc _2rdacarrier |
||
| 650 | 4 |
_aComplex variables:Introduction ND Application _93790 |
|
| 999 |
_aE1977 _c1977 _d1977 |
||